Cyklistická doprava a životné prostredie
Saved in:
| Main Author: | |
|---|---|
| Other Authors: | |
| Format: | Manuscript Book |
| Language: | Slovak |
| Published: |
2015
|
| Subjects: | |
| Online Access: | http://is.stuba.sk/zp/portal_zp.pl?podrobnosti=121498 https://opac.crzp.sk/?fn=detailBiblioForm&sid=A1BE4CBC10A6410E2FD67A8DE444 |
| Tags: |
No Tags, Be the first to tag this record!
|
MARC
| LEADER | 00000ntm a22000003a 4500 | ||
|---|---|---|---|
| 001 | stuzp51632 | ||
| 003 | SK-STU | ||
| 005 | 20230808144353.4 | ||
| 007 | ta | ||
| 008 | 150427s2015----xo-----f-mn---000-0-slo-d | ||
| 040 | |a STU |b slo | ||
| 041 | 0 | |a slo | |
| 100 | 1 | |a Blažičková, Terézia |u 010120 |4 aut |U SvF Stavebná fakulta |T SvF Katedra dopravných stavieb |X 7078 |U V120 |Y 12 |7 A000007078 | |
| 242 | 0 | 1 | |a Cycling transport and environment |y eng |
| 245 | 1 | 0 | |a Cyklistická doprava a životné prostredie |
| 260 | |c 2015 | ||
| 650 | 4 | |a cyklistická trasa |2 slo | |
| 650 | 4 | |a životné prostredie |2 slo | |
| 650 | 4 | |a cyklotrasa Maklacky |2 slo | |
| 650 | 4 | |a cyklistická doprava |2 slo | |
| 650 | 4 | |a cycling route in Malacky |2 eng | |
| 650 | 4 | |a cycling route |2 eng | |
| 650 | 4 | |a environment |2 eng | |
| 650 | 4 | |a cycling transport |2 eng | |
| 700 | 1 | |a Bezák, Bystrík |4 ths |X 996 |7 A000000996 | |
| 856 | 4 | |u http://is.stuba.sk/zp/portal_zp.pl?podrobnosti=121498 | |
| 856 | 4 | |u https://opac.crzp.sk/?fn=detailBiblioForm&sid=A1BE4CBC10A6410E2FD67A8DE444 | |
| SQL | |a stuzp51632 |b DBP |c SLO |d Cyklistická doprava a životné prostredie |e 7078 |f Blažičková, Terézia |g 010120 |h 996 |i Bezák, Bystrík |j 20150622 |k 985 |l 01 |m http://is.stuba.sk/zp/portal_zp.pl?podrobnosti=121498 |n B-STOP |o 5.2.8. stavebníctvo, 6.4.1. vodné hospodárstvo | ||